|
|
|
|
| LEADER |
00000nab a2200000 a 4500 |
| 001 |
vtls008156898 |
| 003 |
SK-MaSNL |
| 005 |
20260303175354.0 |
| 008 |
050527 2005 xo mr er 000 0 cze |
| 015 |
|
|
|a SNBRB2005
|
| 040 |
|
|
|a VKJB
|b slo
|c VKJB
|e AACR2
|
| 041 |
0 |
|
|a slo
|
| 044 |
|
|
|a xo
|c SK
|
| 080 |
|
|
|a 78.071.1(=162.3)
|2 UDC-MRF-SK2
|
| 080 |
|
|
|a 908
|x (437.6)
|2 UDC-MRF-SK2
|
| 080 |
|
|
|a 792.077
|2 UDC-MRF-SK2
|
| 100 |
1 |
|
|a Kleňová, Mária
|d 1941-
|4 aut
|9 15651
|
| 245 |
1 |
0 |
|a Vliv české inteligence na rozvoj hudebního života v Dolním Kubíně
|c Mária Kleňová
|
| 300 |
|
|
|b Obr.
|
| 648 |
|
7 |
|a 19.stor.-20.stor., 1.polovica
|2 kevkjb
|9 1203895
|
| 650 |
0 |
7 |
|a hudba
|2 kevkjb
|9 1063
|
| 650 |
0 |
7 |
|a hudobný život
|x osobnosti
|2 kevkjb
|9 1201974
|
| 650 |
0 |
7 |
|a ochotnícke divadlo
|2 kevkjb
|9 3349
|
| 651 |
|
7 |
|a Dolný Kubín (Slovensko)
|2 kevkjb
|9 168992
|
| 773 |
0 |
|
|t Česká beseda
|g Roč. XI., č. 5 (2005), s. 12
|x 1335-4353
|
| 852 |
|
|
|a KEVKJB
|b KIS3GCP
|
| 999 |
|
|
|c 2101485
|d 2103415
|